Films avec Pierre-François Martin-Laval par image - Statistiques

Statistiques générales
  • Ce quiz a été pris 100 fois
  • Le résultat moyen est 6 sur 16
Statistiques - réponses
Par images Réponse % Correct
Les Vacances de Ducobu
98%
Les Profs
93%
Ratatouille
91%
RRRrrrr!!!
86%
Astérix et Obélix : Mission Cléopâtre
66%
Gaston Lagaffe
54%
La Tour Montparnasse infernale
18%
La Vérité si je mens ! 2
18%
Mon Poussin
18%
King Guillaume
16%
Essaye-moi
10%
L'Homme parfait
10%
L'Apprenti Père Noël
9%
Les Meilleurs Amis du monde
8%
Le Bison (et sa voisine Dorine)
4%
Fahim
3%
Aucun quiz correspondant
Distribution des résultats
% des personnes avec chaque résultat
Percentile par nombre de réponses
Votre historique - résultats
Vous n’avez pas pris ce quiz